Science Quiz

Random Science or State Quiz

Best Psychology Graduate Schools Quiz Stats

 Plays Quiz not verified by Sporcle

Also try: How Many Factors?
Challenge
Share
Tweet
Embed
Score 0/50 Timer 10:00
0 Plays Today
Ranking (State) School % Correct
3 (MA)Harvard University
98.5%
3 (CT)Yale University
96.2%
1 (CA)Stanford University
95.4%
3 (CA)University of California - Los Angeles
93.8%
11 (PA)University of Pennsylvania
93.8%
3 (MI)University of Michigan - Ann Arbor
91.5%
8 (NJ)Princeton University
90.8%
13 (WA)University of Washington
90%
29 (RI)Brown University
90%
7 (IL)University of Illinois - Urbana-Champaign
89.2%
13 (TX)University of Texas - Austin
89.2%
8 (MN)University of Minnesota - Twin Cities
88.5%
8 (WI)University of Wisconsin - Madison
88.5%
13 (NC)University of North Carolina - Chapel Hill
88.5%
23 (VA)University of Virginia
86.9%
40 (AZ)University of Arizona
86.9%
23 (IL)University of Chicago
86.2%
45 (FL)University of Florida
86.2%
29 (CO)University of Colorado - Boulder
85.4%
40 (MD)University of Maryland - College Park
85.4%
23 (NC)Duke University
84.6%
29 (NY)New York University
84.6%
36 (OR)University of Oregon
84.6%
17 (IL)Northwestern University
83.8%
23 (IN)Indiana University - Bloomington
83.8%
Ranking (State) School % Correct
45 (MO)University of Missouri
83.8%
29 (PA)Pennsylvania State University - University Park
83.1%
29 (IA)University of Iowa
83.1%
40 (KS)University of Kansas
83.1%
45 (NH)Dartmouth College
83.1%
17 (NY)Columbia University
82.3%
1 (CA)University of California - Berkeley
81.5%
23 (MD)Johns Hopkins University
80%
17 (OH)Ohio State University
79.2%
29 (TN)Vanderbilt University
78.5%
36 (AZ)Arizona State University
77.7%
11 (MA)Massachusetts Institute of Technology
76.9%
17 (NY)Cornell University
76.9%
40 (CA)University of Southern California
76.2%
45 (MI)Michigan State University
75.4%
50 (MA)Boston University
75.4%
36 (GA)Emory University
74.6%
17 (CA)University of California - San Diego
72.3%
13 (MO)Washington University in St. Louis
70%
29 (CA)University of California - Irvine
68.5%
36 (PA)University of Pittsburgh
66.9%
17 (PA)Carnegie Mellon University
65.4%
45 (IN)Purdue University - West Lafayette
61.5%
23 (CA)University of California - Davis
59.2%
40 (CA)University of California - Santa Barbara
58.5%

You're not logged in!

Compare scores with friends on all Sporcle quizzes.
OR
Log In

You Might Also Like...

Show Comments

Extras

Top Quizzes Today


Score Distribution

Your Account Isn't Verified!

In order to create a playlist on Sporcle, you need to verify the email address you used during registration. Go to your Sporcle Settings to finish the process.

Report this User

Report this user for behavior that violates our Community Guidelines.

Details: